000 00604nam a22002177a 4500
003 UA-OsUOA
001 129315
007 ta
008 20180226b un ||||| |||| 00| 0 ukr d
100 _aСкупейко Л.
090 _a82
_bС46
942 _cSA
040 _aUA-OsUOA
_bukr
_cUA-OsUOA
_dUA-OsUOA
245 _aТарас Шевченко у сприйнятті Лесі Українки: грані пізнання
300 _aС.21-25
955 _a0
041 _aukr
080 _a82
773 0 _w129314
650 7 _a82 Література. Літературознавство
_2UDC
999 _c416789
_d416789